00592nam a2200205Ia 4500003000900000008004100009040001300050040001300063041000800076100001900084245002900103250001200132260001300144260000900157300000800166490000600174942000700180999001300187952018600200IT-RoPAU120407s9999 xx 000 0 und d aIT-RoPAU cIT-RoPAU aita aJ. A. Robinson aLa morale cristiana oggi aTorino  aGribaudi c1969 c cm v1 cBK c325d325 00102ddc406241_700000000000000_3571aPAULUSbPAULUSd2012-04-11l0o241.7.35r2012-04-11 00:00:00w2012-04-11yBKzInserito da: In data: n.d. fondo: Via A.Severo 56 Progr:20359